Kuznja talantiv

Bibliographic Details
Main Author: Kreta, Igor, 1951- (Author)
Format: Article
Language:Ukrainian
PhysicalDescription:Fotogr.
Subjects:

MARC

LEADER 00000cab a2200000 a 4500
001 vtls008987081
003 SK-MaSNL
005 20260318125031.0
008 070509c2007 xo wr p 000 c0ukr
015 |a SNBRB2007/05 
038 |a SVKPOCL 
040 |a SVKPO  |b slo  |c SVKPO  |e AACR2 
041 0 |a ukr 
044 |a xo  |c SK 
080 |a 373.3:7  |2 2001 
080 |a 7  |2 2001 
080 |a 37(091)"1956"  |2 2001 
100 1 |a Kreta, Igor,  |d 1951-  |4 aut  |9 976327 
245 1 0 |a Kuznja talantiv  |c Igor Kreta 
300 |b Fotogr. 
610 2 7 |a Základná umelecká škola (Stará Ľubovňa, Slovensko)  |x výročie založenia 50.  |2 svkpocl  |9 1265711 
650 0 7 |a umelecké školy  |2 svkpocl  |9 29319 
650 0 7 |a koncerty  |2 svkpocl  |9 19182 
650 0 7 |a základné umelecké školy  |2 svkpocl  |9 29368 
651 7 |a Stará Ľubovňa (Slovensko)  |2 svkpocl  |9 19193 
773 0 |t Nove žyttja  |g Roč. 57, č. 3-4 (2007), s. 4 
852 |a SVKPO  |b KIS3GCP 
958 |a UK 
958 |a SK 
999 |c 2265031  |d 2266961